[Event "CZE-chT2E 0910"]
[Site "Czech Republic"]
[Date "2010.01.17"]
[Round "5.3"]
[White "Pospisil, Dusan"]
[Black "Zavurka, Roman"]
[Result "1/2-1/2"]
[WhiteElo "2166"]
[BlackElo "2184"]
[PlyCount "67"]
[EventDate "2009.10.18"]
[EventType "team-tourn"]
[EventRounds "11"]
[EventCountry "CZE"]
[SourceTitle "EXT 2012"]
[Source "ChessBase"]
[SourceDate "2011.11.24"]
[SourceVersion "1"]
[SourceVersionDate "2011.11.24"]
[SourceQuality "1"]
[WhiteTeam "Brno Lokomotiva"]
[BlackTeam "Prostejov"]
[WhiteTeamCountry "CZE"]
[BlackTeamCountry "CZE"]

1. d4 Nf6 2. Nc3 d5 3. Bf4 Bf5 4. e3 e6 5. Bd3 Bxd3 6. Qxd3 c6 7. Nf3 Be7 8. 0-0 0-0 9. e4 dxe4 10. Nxe4 Nxe4 11. Qxe4 Qd5 12. Qe2 Qh5 13. Rfe1 Nd7 14. c4 Nf6 15. Qd2 Rfd8 16. Re5 Qg6 17. Qe2 Bd6 18. Rg5 Qe4 19. Be3 h6 20. Ra5 Bc7 21. Ra3 a6 22. Rc3 Rd7 23. h3 Rad8 24. a3 b5 25. Rac1 Bb8 26. cxb5 cxb5 27. Rc8 Nd5 28. Qc2 Qxc2 29. R1xc2 Ne7 30. Rxd8+ Rxd8 31. Kf1 Kf8 32. Ke2 Ke8 33. Nd2 Rc8 34. Rxc8+ 1/2-1/2

[Event "Olomouc op"]
[Site "Olomouc"]
[Date "2008.08.06"]
[Round "8"]
[White "Zavurka, Roman"]
[Black "Karlik, Vladimir"]
[Result "0-1"]
[WhiteElo "2157"]
[BlackElo "2301"]
[PlyCount "62"]
[EventDate "2008.07.31"]
[EventType "swiss"]
[EventRounds "9"]
[EventCountry "CZE"]
[SourceTitle "CBM 125 Extra"]
[Source "ChessBase"]
[SourceDate "2008.09.01"]
[SourceVersion "1"]
[SourceVersionDate "2008.09.01"]
[SourceQuality "1"]

1. d4 g6 2. Nf3 Bg7 3. Bf4 d6 4. e3 Nd7 5. Nc3 e5 6. dxe5 dxe5 7. Bg3 Ne7 8. Bc4 Nf5 9. e4 Nxg3 10. hxg3 0-0 11. Qd2 Nb6 12. Qxd8 Rxd8 13. Bb3 h6 14. Nd1 Nd7 15. Ne3 Nc5 16. Nd5 Nxe4 17. Nxc7 Rb8 18. Nd5 Nc5 19. Ne7+ Kf8 20. Nxc8 Rbxc8 21. Rd1 e4 22. Nd2 Bxb2 23. Rxh6 Kg7 24. Rh4 f5 25. Nc4 Bc3+ 26. Ke2 Rxd1 27. Kxd1 Rd8+ 28. Kc1 Be1 29. g4 Bxf2 30. Rh1 e3 31. Ne5 e2 0-1